[Event "San Francisco TNM Marathon op"]
[Site "San Francisco"]
[Date "2012.09.25"]
[Round "9"]
[White "Anderson, Michael Gene"]
[Black "Mandrusov, George"]
[Result "1/2-1/2"]
[WhiteElo "1905"]
[BlackElo "2018"]
[PlyCount "77"]
[EventDate "2012.07.31"]
[EventType "swiss"]
[EventRounds "9"]
[EventCountry "USA"]
[SourceTitle "EXT 2014"]
[Source "ChessBase"]
[SourceDate "2013.11.20"]
[SourceVersion "1"]
[SourceVersionDate "2013.11.20"]
[SourceQuality "1"]

1. e4 e5 2. Nf3 Nf6 3. Nxe5 d6 4. Nf3 Nxe4 5. d4 d5 6. Bd3 Bg4 7. 0-0 Bd6 8. c4 c6 9. Nc3 Nxc3 10. bxc3 0-0 11. Rb1 b6 12. Re1 Nd7 13. cxd5 cxd5 14. Rb5 Nf6 15. Bg5 a6 16. Rb3 b5 17. Qe2 Qc7 18. Bxf6 Bxh2+ 19. Kh1 gxf6 20. Bxh7+ Kg7 21. Qd3 Rae8 22. Rbb1 Bf4 23. Rxe8 Rxe8 24. Bf5 Rh8+ 25. Kg1 Bxf3 26. Qxf3 Bd2 27. g3 Qxc3 28. Qxd5 Rh5 29. Kg2 Qc2 30. Qxf7+ Kxf7 31. Bxc2 Ke7 32. Rd1 Bb4 33. Be4 Rh8 34. Rc1 Rd8 35. d5 Rd6 36. Rc7+ Rd7 37. Rc6 Rd6 38. Rc7+ Rd7 39. Rc6 1/2-1/2